000 01126nam a22002537a 4500
005 20170124102947.0
010 _aB-039244
020 _c150.00
_a81214051571
035 _aB-039244
037 _bCen Lib/Ret
040 _aDPL
_bHN
082 _a821.08
_bयेरही
245 _aये रहीम दर दर फिरहिं /
_cसम्पादक श्रीकांत उपाध्याय
246 _aYe Rahim dar dar phirhin /
_bsampadak Shrikant Upadhyay
260 _aदिल्ली
_bनेशनल पब्लिशिंग हाउस
_c2000
270 _a2/35 अंसारी रोड, दरियागंज
_bदिल्ली
_e110002
300 _a133पृ.
_c21सेमी(सजिल्द)
650 _aहिंदी साहित्य
_950257
650 _aहिंदी साहित्य -- दोहे
_950258
650 _aHindi literature
_950259
650 _aHindi literature -- Couplets
_950260
700 _aउपाध्याय, श्रीकांत
_99685
942 _2ddc
_cHN
_h821.08
_mयेरही
999 _c113026
_d113026